Macroeconomía (Registro nro. 3729)
[ vista simple ]
| 000 -LEADER | |
|---|---|
| fixed length control field | 02075 a2200289 4500 |
| 001 - CONTROL NUMBER | |
| control field | 43861 |
| 005 - DATE AND TIME OF LATEST TRANSACTION | |
| control field | 20260407155719.0 |
| 008 - FIXED-LENGTH DATA ELEMENTS--GENERAL INFORMATION | |
| fixed length control field | 260407a2012 arg spa d |
| 003 - CONTROL NUMBER IDENTIFIER | |
| control field | AR-UNSa-BCEJYS |
| 040 ## - CATALOGING SOURCE | |
| Original cataloging agency | AR-UNSa-BCEJYS |
| Language of cataloging | spa |
| Transcribing agency | AR-UNSa-BCEJYS |
| 080 ## - UNIVERSAL DECIMAL CLASSIFICATION NUMBER | |
| Universal Decimal Classification number | 330.101.541 |
| Common auxiliary subdivision | Macroeconomía |
| 020 ## - INTERNATIONAL STANDARD BOOK NUMBER | |
| International Standard Book Number | 978-84-8322-788-6 |
| 041 ## - LANGUAGE CODE | |
| Language code of text/sound track or separate title | spa |
| 100 1# - MAIN ENTRY--PERSONAL NAME | |
| Personal name | Blanchard, Olivier |
| 245 10 - TITLE STATEMENT | |
| Title | Macroeconomía |
| 250 ## - EDITION STATEMENT | |
| Edition statement | 5a. ed. |
| 264 #1 - PRODUCTION, PUBLICATION, DISTRIBUTION, MANUFACTURE, AND COPYRIGHT NOTICE | |
| Place of production, publication, distribution, manufacture | Madrid : |
| Name of producer, publisher, distributor, manufacturer | Pearson Educación |
| Date of production, publication, distribution, manufacture, or copyright notice | 2012 |
| 300 ## - PHYSICAL DESCRIPTION | |
| Extent | xxix, 650 p. |
| Dimensions | 25 cm. |
| 505 ## - FORMATTED CONTENTS NOTE | |
| Formatted contents note | 1. Una gira por el mundo - 2. Una gira por el libro - 3. El mercado de bienes - 4. Los mercados financieros - 5. Los mercados de bienes y financieros: el modelo IS y LM - 6. El modelo IS-LM en una economía abierta - 7. El mercado de trabajo - 8. Análisis conjunto de todos los mercados: el modelo OA-DA - 9. La tasa natural de desempleo y la curva de Phillips - 10. La inflación, la actividad económica y el crecimiento de la cantidad nominal de dinero - 11. Los hechos del crecimiento - 12. El ahorro, la acumulación de capital y la producción - 13. El progreso tecnológico y el crecimiento - 14. Las expectativas: los instrumentos básicos - 15. Los mercados financieros y las expectativas - 16. Las expectativas, el consumo y la inversión - 17. Las expectativas, la producción y la política macroeconómica - 18. La política económica en una economía abierta - 19. Los sistemas de tipos de cambio - 20. La crisis de 2007-2010 - 21. La elevada deuda - 22. La inflación alta - 23. La política macroeconómica y sus responsables: ¿qué sabemos? - 24. Reglas y restricciones de la política monetaria y de la política fiscal - 25. La integración económica y monetaria europea - 26. El euro: los pormenores<br/> |
| 590 ## - LOCAL NOTE (RLIN) | |
| Local note | niveau_biblio:m niveau_hierar:0 |
| 700 1# - ADDED ENTRY--PERSONAL NAME | |
| Personal name | Amighini, Alessia |
| 700 1# - ADDED ENTRY--PERSONAL NAME | |
| Personal name | Rabasco Espáriz, Esther |
| 700 1# - ADDED ENTRY--PERSONAL NAME | |
| Personal name | Giavazzi, Francesco |
| 700 1# - ADDED ENTRY--PERSONAL NAME | |
| Personal name | Toharia Cortés, Luis |
| 856 41 - ELECTRONIC LOCATION AND ACCESS | |
| Uniform Resource Identifier | <a href="https://biblioeco.unsa.edu.ar/pmb/images/libros/L126766.jpg">https://biblioeco.unsa.edu.ar/pmb/images/libros/L126766.jpg</a> |
| Link text | Imagen de portada |
| Electronic format type | image/jpeg |
| 942 ## - ADDED ENTRY ELEMENTS (KOHA) | |
| Koha item type | |
| Withdrawn status | Lost status | Damaged status | Not for loan | Home library | Current library | Shelving location | Date acquired | Total checkouts | Full call number | Barcode | Date last seen | Price effective from | Koha item type | Public note |
|---|---|---|---|---|---|---|---|---|---|---|---|---|---|---|
| Biblioteca Prof. Eusebio Cleto del Rey | Biblioteca Prof. Eusebio Cleto del Rey | 07/04/2026 | 330.101.541 B638 5ed. | L126766 | 07/04/2026 | 07/04/2026 | Libro | UN POCO HÚMEDO EN CANTO SUPERIOR | ||||||
| Biblioteca Prof. Eusebio Cleto del Rey | Biblioteca Prof. Eusebio Cleto del Rey | 07/04/2026 | 330.101.541 B638 5ed. | L126767 | 07/04/2026 | 07/04/2026 | Libro | SUBRAYADO CON LÁPIZ - CANTO LATERAL RAYADO CON LÁPIZ MORADO - UN POCO HÚMEDO EN CANTO SUPERIOR | ||||||
| Biblioteca Prof. Eusebio Cleto del Rey | Biblioteca Prof. Eusebio Cleto del Rey | 07/04/2026 | 330.101.541 B638 5ed. | L126768 | 07/04/2026 | 07/04/2026 | Libro | CANTO SUPERIOR E INFERIOR UN POCO HÚMEDOS |